MARXISMO, ANTROPOLOGIA Y RELIGION/

Shranjeno v:
Bibliografske podrobnosti
Drugi avtorji: Godelier, Maurice (autor) (autor)
Format: Knjiga
Serija:R; 37
Teme:
Oznake: Označite
Brez oznak, prvi označite!

MARC

LEADER 00000nam^a2200000^a^4500
001 000222196
005 20250521000000.0
009 20260526131936.631
035 |a 029522 
037 |a Acervo Xavier Clavigero 
082 |a 335. 4  |b MAR 
245 1 0 |a MARXISMO, ANTROPOLOGIA Y RELIGION/  |c MAURICE GODELIER ...[ ET. AL.] 
264 |a MEXICO :  |b ROCA,  |c 1974 
300 |a 159p. 
336 |a texto  |b txt  |2 rdacontenido 
337 |a sin mediación  |b n  |2 rdamedio 
338 |a volumen  |b nc  |2 rdasoporte 
440 |a R;  |v 37 
649 |a XX 
650 |a Comunismo 
650 |a Materialismo Histórico y Dialéctico 
650 |a POSITIVISMO LOGICO 
650 |a Antropología 
700 |a Godelier, Maurice  |e (autor) 
910 |a Fondo General 
920 |a Impresos - Libros 
930 |a Colección General 
905 |a 101 
901 |a 029522  |b IT1  |c ACC  |i 029522  |u 20250521 
901 |a 011658  |b IT1  |c ACC  |i 011658  |u 20250521 
902 |a https://opac.biblio.iteso.mx/vufind/Record/000222196